000 00707nam a2200205 a 4500
001 000010848
005 20200929162314.0
008 091012s1978 dr b 000 0 spa d
020 _a8484010139
040 _aDO-SdBNP
_bspa
_cBNPHU
082 _axxx
_bL595s
100 1 _aLepellertier de Saint Remy, R.
_926173
245 1 0 _aSanto Domingo :
_bestudio y solución nueva de la cuestión haitiana /
_cR. Lepellertier de Saint Remy.
260 _aSanto Domingo :
_bEditora de Santo Domingo, S.A.,
_c1978.
300 _av. ;
_cmap.
500 _aIncluye notas al pie de las páginas
500 _aLa biblioteca posee el vol. II
504 _aIncluye referencias bibliográficas (p. 393-405)
049 _aBNPD
999 _c10597
_d10597